Theory And Problems Of Programming With C (Record no. 24824)
[ view plain ]
| 000 -LEADER | |
|---|---|
| fixed length control field | 00428nam a22001817a 4500 |
| 003 - CONTROL NUMBER IDENTIFIER | |
| control field | OSt |
| 005 - DATE AND TIME OF LATEST TRANSACTION | |
| control field | 20211229094821.0 |
| 008 - FIXED-LENGTH DATA ELEMENTS--GENERAL INFORMATION | |
| fixed length control field | 211229b |||||||| |||| 00| 0 eng d |
| 020 ## - INTERNATIONAL STANDARD BOOK NUMBER | |
| International Standard Book Number | 0070240353 |
| 040 ## - CATALOGING SOURCE | |
| Transcribing agency | HU |
| 082 ## - DEWEY DECIMAL CLASSIFICATION NUMBER | |
| Classification number | 005.13 |
| 100 ## - MAIN ENTRY--PERSONAL NAME | |
| Personal name | Gottfried S. Byron |
| 9 (RLIN) | 25908 |
| 245 ## - TITLE STATEMENT | |
| Title | Theory And Problems Of Programming With C |
| 250 ## - EDITION STATEMENT | |
| Edition statement | 2ed |
| 260 ## - PUBLICATION, DISTRIBUTION, ETC. | |
| Place of publication, distribution, etc. | NewYork |
| Name of publisher, distributor, etc. | NewYork |
| 300 ## - PHYSICAL DESCRIPTION | |
| Type of unit | 532 |
| 942 ## - ADDED ENTRY ELEMENTS (KOHA) | |
| Source of classification or shelving scheme | Dewey Decimal Classification |
| Koha item type | Books like text book referance book |
| Suppress in OPAC | No |
| Withdrawn status | Lost status | Source of classification or shelving scheme | Damaged status | Not for loan | Home library | Current library | Shelving location | Date acquired | Total Checkouts | Full call number | Barcode | Date last seen | Copy number | Price effective from | Koha item type |
|---|---|---|---|---|---|---|---|---|---|---|---|---|---|---|---|
| Dewey Decimal Classification | IoT Library | IoT Library | General Stacks | 12/29/2021 | 005.13/GOT/1996 | IOTL0001818 | 12/29/2021 | 1 | 12/29/2021 | Books like text book referance book |